Unsteady-state mathematical model of diesel fuels catalytic dewaxing process; Catalysis Today; Vol. 329

Bibliographic Details
Parent link:Catalysis Today.— , 1987-
Vol. 329.— 2019.— [P. 214-220]
Main Author: Belinskaya N. S. Natalia Sergeevna
Corporate Author: Национальный исследовательский Томский политехнический университет Инженерная школа природных ресурсов Отделение химической инженерии
Other Authors: Frantsina E. V. Evgeniya Vladimirovna, Ivanchina E. D. Emilia Dmitrievna
Summary:Title screen
In this work, the mathematical model of the process of diesel fuels catalytic dewaxing was developed. Calculations on the mathematical model show the effect of temperature, feedstock composition and catalyst activity on the catalytic dewaxing process. It was established that operation of the process under optimal conditions, determined by calculations on the mathematical model, increases the catalyst service life by 6%.
Режим доступа: по договору с организацией-держателем ресурса
Language:English
Published: 2019
Subjects:
Online Access:https://doi.org/10.1016/j.cattod.2018.10.041
Format: Electronic Book Chapter
KOHA link:https://koha.lib.tpu.ru/cgi-bin/koha/opac-detail.pl?biblionumber=659995

MARC

LEADER 00000naa0a2200000 4500
001 659995
005 20260410071622.0
035 |a (RuTPU)RU\TPU\network\28874 
090 |a 659995 
100 |a 20190416d2019 k||y0engy50 ba 
101 0 |a eng 
135 |a drcn ---uucaa 
181 0 |a i  
182 0 |a b 
200 1 |a Unsteady-state mathematical model of diesel fuels catalytic dewaxing process  |f N. S. Belinskaya, E. V. Frantsina, E. D. Ivanchina 
203 |a Text  |c electronic 
300 |a Title screen 
320 |a [References: 32 tit.] 
330 |a In this work, the mathematical model of the process of diesel fuels catalytic dewaxing was developed. Calculations on the mathematical model show the effect of temperature, feedstock composition and catalyst activity on the catalytic dewaxing process. It was established that operation of the process under optimal conditions, determined by calculations on the mathematical model, increases the catalyst service life by 6%. 
333 |a Режим доступа: по договору с организацией-держателем ресурса 
461 |t Catalysis Today  |d 1987- 
463 |t Vol. 329  |v [P. 214-220]  |d 2019 
610 1 |a электронный ресурс 
610 1 |a труды учёных ТПУ 
610 1 |a hydroconversion 
610 1 |a diesel fuel 
610 1 |a paraffins 
610 1 |a cold filter plugging point 
610 1 |a catalytic dewaxing 
610 1 |a mathematical model 
610 1 |a дизельное топливо 
610 1 |a парафины 
610 1 |a каталитическая депарафинизация 
610 1 |a математические модели 
700 1 |a Belinskaya  |b N. S.  |c chemist  |c Associate Professor of Tomsk Polytechnic University, Candidate of Technical Sciences  |f 1989-  |g Natalia Sergeevna  |y Tomsk  |3 (RuTPU)RU\TPU\pers\31267  |9 15445 
701 1 |a Frantsina  |b E. V.  |c Chemical Engineer  |c Associate Professor of Tomsk Polytechnic University, Candidate of technical sciences  |f 1985-  |g Evgeniya Vladimirovna  |3 (RuTPU)RU\TPU\pers\32193  |9 16193 
701 1 |a Ivanchina  |b E. D.  |c chemist  |c Professor of Tomsk Polytechnic University, Doctor of technical sciences  |f 1951-  |g Emilia Dmitrievna  |3 (RuTPU)RU\TPU\pers\31274 
712 0 2 |a Национальный исследовательский Томский политехнический университет  |b Инженерная школа природных ресурсов  |b Отделение химической инженерии  |3 (RuTPU)RU\TPU\col\23513 
801 2 |a RU  |b 63413507  |c 20190416  |g RCR 
856 4 |u https://doi.org/10.1016/j.cattod.2018.10.041 
942 |c CF